000
00299nam a2200109Ia 4500
008
190216s9999||||xx |||||||||||||| ||und||
100
_a
"Gopalaraman, Ramachandran, Devarajan, Richard Etc"
245
0
_a
Engineering Entrance
260
_b
Continental Publishers
_c
1991
300
_a
572p
942
_c
REF
999
_c
36142
_d
36142